Parks and Recreation Cast A-Z - Statistics

General Stats
  • This quiz has been taken 22 times
  • The average score is 6 of 16
Answer Stats
Answer % Correct
A Amy Poehler / Aziz Ansari / Aubrey Plaza / Adam Scott / Alison Becker / Andrew Burlinson / Andy Forrest / Antonia Raftu
100%
C Chris Pratt / Colton Dunn
82%
R Rashida Jones / Rob Lowe / Retta / Richard Burch / Ryan Lee / Rodney To
82%
N Nick Offerman / Natalie Morales
77%
J Jim O'Heir/ Jama Williamson / Josh Duvendeck / Jay Jackson / Justin Theroux / John Balma / Johnny Sneed / Jon Glaser / Jenny Slate / James Greene / Jorma Taccone
45%
B Billy Eichner / Blake Lee / Ben Schwartz / Bo Burnham
41%
M Mo Collins / Megan Mullally / Mara Marini / Mary Faber / Marc Evan Jackson
36%
P Paul Schneider / Paul Rudd
36%
K Kirk Fox / Kevin Symons / Kathryn Hahn / Kristen Bell / Keegan- Micheal Key
32%
L Louis C.K / Lucy Lawless
32%
H Harris Wittels / Helen Slayton-Hughes / Henry Winkler
23%
E Eric Isenhower
9%
S Susan Yeagley / Sarah Wright / Sadie Salazar / Sydney Endicott / Samm Eliott
9%
D Darlene Hunt
5%
Y Yvans Jourdain
5%
O Pamela Reed / Phil Reeves
0%
No matching quizzes found
Score Distribution
Percent of People with Each Score
Percentile by Number Answered
Your Score History
You have not taken this quiz